Normal view
MARC view
Entry Personal Name
001 - CONTROL NUMBER
- control field: 680479
003 - CONTROL NUMBER IDENTIFIER
- control field: OSt
005 - DATE AND TIME OF LATEST TRANSACTION
- control field: 20221006165801.0
008 - FIXED-LENGTH DATA ELEMENTS
- fixed length control field: 221006|| aca||aabn | a|a d
040 ## - CATALOGING SOURCE
- Original cataloging agency: OSt
- Transcribing agency: OSt
100 ## - HEADING--PERSONAL NAME
- Personal name: Bansal Neha Au
670 ## - SOURCE DATA FOUND
- Source citation: Work cat.: (OSt)1122030: Bansal Neha Au., Vibbhinna Taalo Main Nibbadh Sitar Ki Bandishain Aur Usmain Nihit Saundarya Tatva - Mahiar Gharane Ke Vishesh Sandarbh Main, 2013
